Województwo wg. memu - Statystyki

Ogólne statystyki
  • Ten quiz został rozwiązany 23 razy
  • Średni wynik to 15 z 16
Statystyki odpowiedzi
Podpowiedź Województwo % Poprawnych
Korek na Zakopiance, Lajkonik małopolskie
96%
Mafia, okęcie, stolyca mazowieckie
96%
Palą opony ale mają morze pomorskie
96%
Węgiel śląskie
96%
Pyry i koziołki wielkopolskie
96%
Powódź dolnośląskie
91%
Kopernik i pierniki kujawsko-pomorskie
91%
Dresy i zadyma łódzkie
91%
Jezus lubuskie
91%
Już Śląsk???? opolskie
91%
Zimno -30C podlaskie
91%
Wakacje i jeziora warmińsko-mazurskie
91%
Tu budują statki zachodniopomorskie
91%
Ukraina podkarpackie
87%
Tu wieje+Liroy świętokrzyskie
87%
Co to? lubelskie
83%
Nie znaleziono quizów pasujących do podanych kryteriów
Rozkład punktacji
Procent ludzi z każdym wynikiem
Percentyl według liczby udzielonych odpowiedzi
Twoja historia wyników
Nie rozwiązałeś tego quizu